Podi italiani ai Giochi Olimpici di Londra 2012 - Statistics

Statistiche generali
  • Questo quiz è stato fatto 24 volte
  • Il punteggio medio è 15 su 37
Statistiche sulle risposte
Metallo Sport Specialità M/F Nome % Corretto
Oro Scherma Fioretto a squadre F Valentina Vezzali
100%
Bronzo Scherma Fioretto individuale F Valentina Vezzali
100%
Oro Scherma Fioretto individuale F Elisa di Francisca
83%
Oro Scherma Fioretto a squadre F Elisa di Francisca
83%
Oro Scherma Fioretto a squadre F Arianna Errigo
78%
Argento Scherma Fioretto individuale F Arianna Errigo
78%
Bronzo Scherma Sciabola a squadre M Aldo Montano
74%
Oro Tiro a volo Trap F Jessica Rossi
70%
Argento Pugilato Pesi massimi M Clemente Russo
57%
Bronzo Atletica leggera Salto triplo M Fabrizio Donato
57%
Oro Tiro a segno Carabina 50 m 3 posizioni M Nicolò Campriani
57%
Argento Tiro a segno Carabina 10 m aria compressa M Nicolò Campriani
57%
Oro Tiro con l'arco Squadre M Marco Galiazzo
48%
Oro Canoa Slalom K1 M Daniele Molmenti
43%
Oro Tiro con l'arco Squadre M Mauro Nespoli
43%
Argento Pugilato Pesi supermassimi M Roberto Cammarelle
43%
Oro Scherma Fioretto a squadre M Andrea Baldini
39%
Oro Scherma Fioretto a squadre M Andrea Cassarà
39%
Bronzo Ciclismo Mountain bike (cross country) M Marco Aurelio Fontana
39%
Oro Tiro con l'arco Squadre M Michele Frangilli
35%
Oro Scherma Fioretto a squadre M Valerio Aspromonte
35%
Argento Scherma Sciabola individuale M Diego Occhiuzzi
26%
Bronzo Scherma Sciabola a squadre M Diego Occhiuzzi
26%
Oro Scherma Fioretto a squadre M Giorgio Avola
26%
Oro Taekwondo +80 kg M Carlo Molfetta
22%
Bronzo Ginnastica Anelli M Matteo Morandi
22%
Bronzo Taekwondo - 80 kg M Mauro Sarmiento
22%
Argento Canottaggio 2 di coppia M Alessio Sartori
13%
Bronzo Scherma Sciabola a squadre M Luigi Tarantino
13%
Argento Tiro a volo Trap M Marco Fabbrizi
13%
Oro Scherma Fioretto a squadre F Ilaria Salvadori
9%
Bronzo Scherma Sciabola a squadre M Luigi Samele
9%
Bronzo Pugilato Pesi superleggeri M Vincenzo Mangiacapre
9%
Argento Tiro a segno Pistola 10 metri aria compressa M Luca Tesconi
4%
Bronzo Nuoto 10 km acque libere F Martina Grimaldi
4%
Bronzo Judo 52 kg F Rosalba Forcinti
4%
Argento Canottaggio 2 di coppia M Romano Battisti
0%
Nessun quiz corrispondente trovato
Distribuzione punteggi
Percentuale di utenti per punteggio
Percentile per numero di risposta
I tuoi punteggi nel tempo
Non hai fatto questo quiz